000 004450000a22001810004500
003 MACL
005 20150728174014.0
008 150728b xxu||||| |||| 00| 0 eng d
040 _aMACL
_cMACL
041 _aEnglish
082 _a330/MEH
100 _aMehta, Balraj
_92992
245 _aIndia and the NeoC̜olonial Order
260 _bHarA̜nad Publication
_c1993
_aDelhi
350 _a250
650 _aEconomics
_92993
942 _cBK
_k330
_2ddc
999 _c4202
_d4202